Patent valuation improving decision making through analysis

Uložené v:
Podrobná bibliografia
Hlavný autor: Murphy, William J.
Ďalší autori: Orcutt, John L., Rermus, Paul C.
Médium: Kniha
Jazyk:English
Vydavateľské údaje: Hoboken John Wiley & Sons 2012
Edícia:Wiley finance
Predmet:
Tagy: Pridať tag
Žiadne tagy, Buďte prvý, kto otaguje tento záznam!

MARC

LEADER 00000nam a2200000 4500
001 0205612
005 20240306140404.4
020 |a 978-1-118-02734-9 
041 0 |a eng 
044 |a US 
245 1 0 |a Patent valuation  |b improving decision making through analysis  |c William J. Murphy, John L. Orcutt, Paul C. Rermus 
264 1 |a Hoboken  |b John Wiley & Sons  |c 2012 
300 |a 379 s. 
490 1 |a Wiley finance 
830 0 |a Wiley finance 
610 2 0 |a vlastníctvo duševné 
610 2 0 |a majetok nehmotný 
610 2 0 |a patenty 
610 2 0 |a oceňovanie 
610 2 0 |a rozhodovanie 
610 2 0 |a metodológia 
610 2 0 |a analýzy 
610 2 0 |a trh 
610 2 0 |a náklady 
610 2 0 |a licencie 
610 2 0 |a legislatíva 
610 2 0 |a poplatky 
610 2 0 |a právo patentové 
100 1 |a Murphy, William J. 
700 1 |a Orcutt, John L. 
700 1 |a Rermus, Paul C.